| 000 | 00820nam a2200229 i 4500 | ||
|---|---|---|---|
| 001 | bg | ||
| 100 | 1 | _aDE RYNCK, Patrick | |
| 245 | 0 | 0 |
_aJak czytać malarstwo : _brozwiązywanie zagadek, rozumienie i smakowanie dzieł dawnych mistrzów / _cPatrick de Rynck ; przekł. Piotr Nowakowski. |
| 260 |
_aKraków : _bTowarzystwo Autorów i Wydawców Prac Naukowych UNIVERSITAS, _c2005. |
||
| 300 |
_a377 s. : _bil. ; _c24 cm. |
||
| 504 | _aBibliogr. - Indeks. | ||
| 650 | 9 |
_aMalarstwo (szt. plast.) _xhistoria |
|
| 700 | 1 |
_aNOWAKOWSKI, Piotr. _eTł. |
|
| 020 | _a8324204679 | ||
| 040 | _cBPK | ||
| 041 | 1 |
_apol _bnld |
|
| 080 | _a75(091) | ||
| 920 | _a83-242-0467-9 | ||
| 942 | _cKS | ||
| 008 | s pl f |000 0 pol | ||
| 999 |
_c46399 _d46399 |
||
| 856 |
_uhttp://koha.tu.koszalin.pl/cgi-bin/koha/opac-detail.pl?biblionumber=46399 _yKatalog online BPK |
||